Missing Word: Documentaries Quiz Stats

Quiz Updated Mar 5, 2016

Challenge
Share
Tweet
Embed
Score 0/22 Timer 04:00
0 Plays Today
Documentary Missing Word % Correct
An Inconvenient _______Truth
90.8%
_____ Size MeSuper
89.5%
_____ of the PenguinsMarch
87.2%
No End in _____Sight
80%
_________ for ColumbineBowling
76.6%
The Long Way ____Home
66.6%
Murder on a Sunday _______Morning
61.1%
_____ Vista Social ClubBuena
53.5%
Exit Through the _____ ShopGift
45%
The Times of Harvey _____Milk
36.8%
____ on WireMan
36.7%
Documentary Missing Word % Correct
Hearts and ______Minds
29.5%
Enron: The ________ Guys in the RoomSmartest
27%
Taxi to the _____ SideDark
24.3%
Inside ____Job
19.2%
_____ CampJesus
15.8%
Hank Aaron: _______ the DreamChasing
13.5%
The ____ of WarFog
9.6%
Tupac: ______________Resurrection
9.2%
The Sorrow and the ____Pity
8.5%
______ County U.S.A.Harlan
8.5%
_________ the FriedmansCapturing
7.2%

Today's Daily Dose

You're not logged in!

Compare scores with friends on all Sporcle quizzes.
Join for Free
OR
Log In

You Might Also Like...

Show Comments

Extras

Top Quizzes Today


Score Distribution

Your Account Isn't Verified!

In order to create a playlist on Sporcle, you need to verify the email address you used during registration. Go to your Sporcle Settings to finish the process.

Report this User

Report this user for behavior that violates our Community Guidelines.

Details: